LEADER 00689nam0-2200241li-450- 001 990000250370203316 035 $a0025037 035 $aUSA010025037 035 $a(ALEPH)000025037USA01 035 $a0025037 100 $a20001109---------km-y0itay0103----ba 200 1 $aElliptic Functional$fChandrase Rharan 210 $d 801 $aSistema bibliotecario di Ateneo dell' Università di Salerno$gRICA 912 $a990000250370203316 951 $a510 GLM(281)$b0014374 969 $aSCI 979 $c19940426 979 $c20001110$lUSA01$h1715 979 $c20020403$lUSA01$h1633 979 $aPATRY$b90$c20040406$lUSA01$h1618 996 $aElliptic Functional$91519426 997 $aUNISA LEADER 02686oas 2200721 a 450 001 9910695066603321 005 20251106213014.0 035 $a(OCoLC)67237554 035 $a(CONSER) 2006230461 035 $a(CKB)5470000002366053 035 $a(EXLCZ)995470000002366053 100 $a20060420a20009999 sa a 101 0 $aeng 135 $aurmn||||||||| 181 $ctxt$2rdacontent 182 $cc$2rdamedia 183 $acr$2rdacarrier 200 10$aMethodology report 210 $aRockville, MD $cU.S. Dept. of Health and Human Services, Public Health Service, Agency for Healthcare Research and Quality$d2000- 215 $aelectronic texts, volumes $cHTML, digital, PDF files 225 1 $aAHRQ pub. 300 $aEach issue has also a distinctive title. 300 $aTitle from PDF title page (publisher's Web site, viewed on Apr. 17, 2006). 410 0$aAHRQ publication. 517 1 $aMEPS 517 1 $aMEPS methodology report 606 $aMedical care, Cost of$xResearch$zUnited States$xMethodology 606 $aMedical care$xUtilization$xResearch$zUnited States$xMethodology 606 $aHealth insurance$xResearch$zUnited States$xMethodology 606 $aHealth surveys$zUnited States$xMethodology 606 $aMedical care surveys$zUnited States$xMethodology 606 $aHousehold surveys$zUnited States$xMethodology 606 $aHealth surveys$xMethodology$2fast$3(OCoLC)fst00953356 606 $aHousehold surveys$xMethodology$2fast$3(OCoLC)fst00962158 606 $aMedical care$xUtilization$xResearch$xMethodology$2fast$3(OCoLC)fst01013889 607 $aUnited States$2fast$1https://id.oclc.org/worldcat/entity/E39PBJtxgQXMWqmjMjjwXRHgrq 615 0$aMedical care, Cost of$xResearch$xMethodology. 615 0$aMedical care$xUtilization$xResearch$xMethodology. 615 0$aHealth insurance$xResearch$xMethodology. 615 0$aHealth surveys$xMethodology. 615 0$aMedical care surveys$xMethodology. 615 0$aHousehold surveys$xMethodology. 615 7$aHealth surveys$xMethodology. 615 7$aHousehold surveys$xMethodology. 615 7$aMedical care$xUtilization$xResearch$xMethodology. 676 $a614 712 02$aMedical Expenditure Panel Survey (U.S.) 712 02$aUnited States.$bAgency for Healthcare Research and Quality. 801 0$bGPO 801 1$bGPO 801 2$bNSD 801 2$bGPO 801 2$bOCLCQ 801 2$bOCLCO 801 2$bOCLCQ 801 2$bOCLCF 801 2$bOCLCQ 801 2$bOCLCL 801 2$bOCLCQ 906 $aDOCUMENT 912 $a9910695066603321 996 $aMethodology report$93433303 997 $aUNINA